LIBRARY & INFORMATION CENTRE, KCAET, TAVANUR

ONLINE PUBLIC ACCESS CATALOGUE (OPAC)

Normal view MARC view
  • Beverloo, W.A

Entry Personal Name

Number of records used in: 1

001 - CONTROL NUMBER

  • control field: 107

003 - CONTROL NUMBER IDENTIFIER

  • control field: OSt

005 - DATE AND TIME OF LATEST TRANSACTION

  • control field: 20141204144456.0

008 - FIXED-LENGTH DATA ELEMENTS

  • fixed length control field: 141204|| aca||aabn | a|a d

040 ## - CATALOGING SOURCE

  • Original cataloging agency: OSt
  • Transcribing agency: OSt

100 ## - HEADING--PERSONAL NAME

  • Personal name: Beverloo, W.A

670 ## - SOURCE DATA FOUND

  • Source citation: Work cat.: (OSt): Leniger, H .A 105, Food Process Engineering , 1975
free website counter